000 01008nam a22002535a 4500
003 OSt
005 20170129143040.0
008 160922s2014 ua frb 000 0 ara d
015 _22014 / 15956
020 _a9789770475997
040 _aEG-ScBUE
_bara
_cEG-ScBUE
_dEG-ScBUE
082 0 4 _a346.092
_bأ ب و
_222
100 1 _aأبو خوات، ماهر جميل.
245 1 0 _aحماية الاستثمار الأجنبي في ضوء قواعد القانون الدولي العام /
_cماهر جميل أبو خوات.
260 _aالقاهرة :
_bدار النهضة العربية،
_c2014.
300 _a136 ص. ؛
_c24 سم.
504 _aيشتمل على إرجاعات ببليوجرافية.
650 7 _aالاستثمار (قانون دولي)
_2BUEsh
650 7 _a الاستثمارات الأجنبية (قانون دولي)
_2BUEsh
650 7 _aالقانون الدولي الاقتصادي.
_2BUEsh
_941054
651 _2BUEsh
653 _bLLAAWW
_cJanuary2017
942 _2ddc
999 _c24018
_d23990